| 000 | 01061cam a22003257i 4500 | ||
|---|---|---|---|
| 001 | 19221161 | ||
| 003 | OSt | ||
| 005 | 20240216111031.0 | ||
| 008 | 160808t20162016gw a 000 0 ger d | ||
| 010 | _a 2015431787 | ||
| 020 | _a9783955532864 | ||
| 020 | _a3955532860 | ||
| 035 | _a(OCoLC)ocn931648117 | ||
| 040 |
_aBTCTA _beng _cBTCTA _erda _dYDXCP _dOCLCQ _dBUF _dHEBIS _dOCLCF _dZWZ _dDLC |
||
| 042 | _alccopycat | ||
| 050 | 0 | 0 |
_aNA4125 _b.B44 2016 |
| 082 |
_a693.5 _bBES |
||
| 245 | 0 | 0 |
_aBest of Detail : _bBeton concrete. |
| 250 | _aFirst edition. | ||
| 260 |
_aBerlin, _c2016. |
||
| 300 |
_a199 pages : _billustrations ; _c31 cm |
||
| 500 | _aThis publication is based on articles published in the journal Detail between 2012 and 2015. | ||
| 650 | 0 |
_aConcrete construction. _99405 |
|
| 650 | 0 |
_aConcrete. _99406 |
|
| 650 | 0 |
_aBuilding materials. _99407 |
|
| 700 | 1 |
_aSchittich, Christian, _eeditor. _931951 |
|
| 906 |
_a7 _bcbc _ccopycat _d3 _encip _f20 _gy-gencatlg |
||
| 942 |
_2ddc _cBK _aSADA _k693.5 BES 2016. |
||
| 999 |
_c607815 _d607815 |
||